Medical-surgical nursing / (Record no. 11640)
[ view plain ]
| 000 -LEADER | |
|---|---|
| fixed length control field | 00462nam a2200181Ia 4500 |
| 020 ## - INTERNATIONAL STANDARD BOOK NUMBER | |
| ISBN | 0071054642 |
| 040 ## - CATALOGING SOURCE | |
| Transcribing agency | VVX |
| 082 ## - DEWEY DECIMAL CLASSIFICATION NUMBER | |
| Classification number | 610 MAY 1995 A038 Or. |
| 245 00 - TITLE STATEMENT | |
| Title | Medical-surgical nursing / |
| 300 ## - PHYSICAL DESCRIPTION | |
| Number of Pages | xiv, 362 pages ; |
| Dimensions | 28 cm |
| 490 1# - SERIES STATEMENT | |
| Series statement | McGraw-Hill clinical care plan series |
| 650 #0 - SUBJECT ADDED ENTRY--TOPICAL TERM | |
| Topical Term | Surgical nursing |
| 650 #0 - SUBJECT ADDED ENTRY--TOPICAL TERM | |
| Topical Term | Nursing care plans |
| 650 #0 - SUBJECT ADDED ENTRY--TOPICAL TERM | |
| Topical Term | Medical protocols |
| 700 1# - ADDED ENTRY--PERSONAL NAME | |
| Personal name | Mayers, Marlene |
| 700 1# - ADDED ENTRY--PERSONAL NAME | |
| Personal name | Pankratz, Carol |
| 942 ## - ADDED ENTRY ELEMENTS (KOHA) | |
| Koha item type | សៀវភៅភាសាអង់គ្លេស |
| 952 ## - LOCATION AND ITEM INFORMATION (KOHA) | |
| Withdrawn status [LOCAL, KOHA] | 0 |
| Permanent Location | Date acquired | Koha item type | Lost status | Shelving location | Barcode | Current Location | Full call number |
|---|---|---|---|---|---|---|---|
| Library Block A | 2017-08-04 | សៀវភៅភាសាអង់គ្លេស | A083 | A15031 | Library Block A | 610 MAY 1995 A083 Or. |